[Event "Titled Tuesday intern op 2nd April"]
[Site "Chess.com INT"]
[Date "2019.04.02"]
[Round "4"]
[White "Peter, Steven"]
[Black "Amorim, Daniel Madson De Me"]
[Result "1-0"]
[WhiteElo "2043"]
[BlackElo "2158"]
[PlyCount "53"]
[EventDate "2019.04.02"]
[EventType "swiss (blitz)"]
[EventRounds "10"]
[EventCountry "USA"]
[SourceTitle "EXT 2021"]
[Source "ChessBase"]
[SourceDate "2020.10.23"]
[SourceVersion "1"]
[SourceVersionDate "2020.10.23"]
[SourceQuality "1"]

1. d4 Nf6 2. Bg5 d5 3. Bxf6 gxf6 4. e3 c5 5. dxc5 Qa5+ 6. c3 Qxc5 7. Nd2 e5 8. Ngf3 Nc6 9. Qa4 Bd7 10. Qh4 Be7 11. Nb3 Qb6 12. Be2 a5 13. Qh6 a4 14. Nbd2 0-0-0 15. b4 d4 16. cxd4 exd4 17. 0-0 dxe3 18. fxe3 Rde8 19. Rfc1 Bxb4 20. Nc4 Qa7 21. a3 Be7 22. Rab1 Kb8 23. Nb6 Bf5 24. Qf4+ Ne5 25. Nxe5 Bd6 26. Ned7+ Bxd7 27. Qxd6# 1-0

[Event "Titled Tuesday intern op 2nd April"]
[Site "Chess.com INT"]
[Date "2019.04.02"]
[Round "8"]
[White "Peter, Steven"]
[Black "Palkovich, Denis"]
[Result "1-0"]
[WhiteElo "2043"]
[BlackElo "2190"]
[PlyCount "63"]
[EventDate "2019.04.02"]
[EventType "swiss (blitz)"]
[EventRounds "10"]
[EventCountry "USA"]
[SourceTitle "EXT 2021"]
[Source "ChessBase"]
[SourceDate "2020.10.23"]
[SourceVersion "1"]
[SourceVersionDate "2020.10.23"]
[SourceQuality "1"]

1. d4 d5 2. Bf4 Nf6 3. e3 c5 4. Nd2 Nc6 5. c3 Qb6 6. Rb1 Bf5 7. dxc5 Qxc5 8. Rc1 e5 9. Bg3 Be7 10. Ngf3 Nd7 11. Nb3 Qd6 12. Be2 0-0 13. 0-0 f6 14. Nbd4 Bg6 15. Nb5 Qc5 16. Nc7 Rad8 17. Ne6 Qd6 18. Nxf8 Nxf8 19. c4 d4 20. exd4 Nxd4 21. Nxd4 Qxd4 22. Qb3 b6 23. Rfd1 Qc5 24. Rxd8 Bxd8 25. Rd1 Be7 26. Qe3 Qc7 27. b3 Ne6 28. Bf3 Nd4 29. Rxd4 exd4 30. Qe6+ Bf7 31. Qxf7+ Kxf7 32. Bxc7 1-0

[Event "Titled Tuesday intern op 2nd April"]
[Site "Chess.com INT"]
[Date "2019.04.02"]
[Round "6"]
[White "Toncheva, Nadya"]
[Black "Peter, Steven"]
[Result "0-1"]
[WhiteElo "2117"]
[BlackElo "2043"]
[PlyCount "62"]
[EventDate "2019.04.02"]
[EventType "swiss (blitz)"]
[EventRounds "10"]
[EventCountry "USA"]
[SourceTitle "EXT 2021"]
[Source "ChessBase"]
[SourceDate "2020.10.23"]
[SourceVersion "1"]
[SourceVersionDate "2020.10.23"]
[SourceQuality "1"]

1. e4 c5 2. c3 d5 3. exd5 Qxd5 4. d4 g6 5. Nf3 Bg7 6. Be3 cxd4 7. Nxd4 Nc6 8. Nxc6 Qxd1+ 9. Kxd1 bxc6 10. Kc2 Nf6 11. Nd2 0-0 12. Bc5 Nd5 13. Bc4 Bf5+ 14. Bd3 Bxd3+ 15. Kxd3 Rfd8 16. Kc2 e6 17. Nc4 Nf4 18. g3 Nd3 19. Rhd1 Nxc5 20. f3 Bf6 21. b4 Nb7 22. a4 Kf8 23. b5 cxb5 24. axb5 Rxd1 25. Rxd1 Rc8 26. Rd7 Rxc4 27. Rxb7 Rxc3+ 28. Kd2 Rxf3 29. Rxa7 Rb3 30. Rb7 Bd4 31. Ke2 e5 0-1

[Event "Titled Tuesday intern op 2nd Febr"]
[Site "Chess.com INT"]
[Date "2019.02.05"]
[Round "10"]
[White "Pena Gomez, Manuel"]
[Black "Peter, Steven"]
[Result "0-1"]
[WhiteElo "2494"]
[BlackElo "2043"]
[PlyCount "62"]
[EventDate "2019.02.05"]
[EventType "swiss (blitz)"]
[EventRounds "10"]
[EventCountry "USA"]
[SourceTitle "EXT 2021"]
[Source "ChessBase"]
[SourceDate "2020.10.23"]
[SourceVersion "1"]
[SourceVersionDate "2020.10.23"]
[SourceQuality "1"]

1. e4 c5 2. Nf3 g6 3. d4 cxd4 4. Nxd4 Bg7 5. Nc3 Nc6 6. Be3 Nf6 7. Bc4 Qa5 8. 0-0 0-0 9. Bb3 d6 10. h3 Qc7 11. Re1 a6 12. f4 Na5 13. Nf3 Nxb3 14. axb3 Rd8 15. Qe2 Be6 16. e5 dxe5 17. fxe5 Nd5 18. Nxd5 Bxd5 19. Bf4 e6 20. c4 Bc6 21. Rad1 Rxd1 22. Rxd1 Rd8 23. Rd6 Bf8 24. Rd2 Bc5+ 25. Kh1 Rxd2 26. Bxd2 Qb6 27. Qd3 Qc7 28. Bg5 Bf8 29. Bf6 Bg7 30. Nd4 Qd7 31. Nxc6 Qxd3 0-1

[Event "Calgary op"]
[Site "Calgary"]
[Date "2016.07.28"]
[Round "3"]
[White "Sasata, Robert"]
[Black "Peter, Steven"]
[Result "0-1"]
[WhiteElo "2286"]
[BlackElo "2083"]
[PlyCount "36"]
[EventDate "2016.07.27"]
[EventType "swiss"]
[EventRounds "9"]
[EventCountry "CAN"]
[SourceTitle "CBM 173 Extra"]
[Source "ChessBase"]
[SourceDate "2016.08.29"]
[SourceVersion "1"]
[SourceVersionDate "2016.08.29"]
[SourceQuality "1"]

1. d4 d5 2. c4 dxc4 3. e4 Nc6 4. Nf3 Nf6 5. Nc3 Bg4 6. Be3 e6 7. Bxc4 Bb4 8. Qd3 0-0 9. 0-0-0 a6 10. h3 Bh5 11. g4 Bg6 12. Nd2 b5 13. Bb3 e5 14. d5 Qd6 15. f3 Na5 16. Bc2 c5 17. dxc6 Qxc6 18. g5 Rfd8 0-1

[Event "Calgary op"]
[Site "Calgary"]
[Date "2013.05.20"]
[Round "9"]
[White "Peter, Steven"]
[Black "Cao, Jason"]
[Result "1-0"]
[WhiteElo "2234"]
[BlackElo "2026"]
[PlyCount "91"]
[EventDate "2013.05.14"]
[EventType "swiss"]
[EventRounds "9"]
[EventCountry "CAN"]
[SourceTitle "EXT 2014"]
[Source "ChessBase"]
[SourceDate "2013.11.20"]
[SourceVersion "1"]
[SourceVersionDate "2013.11.20"]
[SourceQuality "1"]

1. e4 c5 2. Nf3 d6 3. d4 cxd4 4. Qxd4 a6 5. h3 Nc6 6. Qe3 g6 7. c4 Bg7 8. Nc3 Nf6 9. Be2 0-0 10. 0-0 Nd7 11. Rb1 Nde5 12. Rd1 Nxf3+ 13. Bxf3 Qa5 14. a3 Qc5 15. Qxc5 dxc5 16. Nd5 Bd4 17. Bh6 Rd8 18. b4 cxb4 19. axb4 e6 20. Bg5 Rf8 21. b5 axb5 22. cxb5 exd5 23. bxc6 dxe4 24. Bxe4 Bxf2+ 25. Kxf2 bxc6 26. Bh6 Re8 27. Bxc6 Bf5 28. Bxe8 Bxb1 29. Bc6 Rb8 30. Rd7 Bf5 31. Rb7 Rxb7 32. Bxb7 Be6 33. Ke3 f6 34. Kd4 Kf7 35. Bd5 Bxd5 36. Kxd5 g5 37. Kd6 Kg6 38. Bf8 Kf5 39. Kd5 g4 40. h4 g3 41. Be7 Kf4 42. Kd4 Kf5 43. Ke3 Kg4 44. Bxf6 h5 45. Bd8 Kf5 46. Kf3 1-0

[Event "Calgary op"]
[Site "Calgary"]
[Date "2013.05.19"]
[Round "8"]
[White "Wang, Richard"]
[Black "Peter, Steven"]
[Result "1-0"]
[WhiteElo "2365"]
[BlackElo "2234"]
[PlyCount "63"]
[EventDate "2013.05.14"]
[EventType "swiss"]
[EventRounds "9"]
[EventCountry "CAN"]
[SourceTitle "CBM 154 Extra"]
[Source "ChessBase"]
[SourceDate "2013.06.25"]
[SourceVersion "2"]
[SourceVersionDate "2013.06.25"]
[SourceQuality "1"]

1. d4 Nf6 2. Nf3 c5 3. d5 g6 4. c4 b5 5. cxb5 a6 6. bxa6 Bg7 7. Nc3 Bxa6 8. g3 d6 9. Bg2 Nbd7 10. Rb1 0-0 11. 0-0 Qa5 12. Bd2 Bb7 13. Qc2 Qa7 14. e4 Ng4 15. b3 Ba6 16. Rfd1 c4 17. Be1 cxb3 18. Rxb3 Rfc8 19. h3 Nge5 20. Nxe5 Bxe5 21. Kh2 Bc4 22. Rb2 Nc5 23. Rb4 Na6 24. Rb2 Nc5 25. Rb4 Na6 26. Rbb1 Nc5 27. f4 Bxc3 28. Qxc3 Bxa2 29. Rbc1 Qa6 30. Qd4 Rab8 31. e5 Qa4 32. Rxc5 1-0

[Event "Calgary op"]
[Site "Calgary"]
[Date "2013.05.17"]
[Round "6"]
[White "Peter, Steven"]
[Black "Gardner, Robert"]
[Result "1-0"]
[WhiteElo "2234"]
[BlackElo "2217"]
[PlyCount "113"]
[EventDate "2013.05.14"]
[EventType "swiss"]
[EventRounds "9"]
[EventCountry "CAN"]
[SourceTitle "CBM 154 Extra"]
[Source "ChessBase"]
[SourceDate "2013.06.25"]
[SourceVersion "2"]
[SourceVersionDate "2013.06.25"]
[SourceQuality "1"]

1. e4 d6 2. d4 Nf6 3. Nc3 g6 4. f4 Bg7 5. Nf3 c5 6. Bb5+ Bd7 7. e5 Ng4 8. Bxd7+ Qxd7 9. d5 dxe5 10. h3 e4 11. hxg4 exf3 12. Qxf3 Na6 13. Bd2 0-0-0 14. 0-0-0 f5 15. gxf5 gxf5 16. Be1 Nc7 17. Bf2 b6 18. d6 exd6 19. Nd5 Qb5 20. c3 Rde8 21. Ne3 Bf8 22. Rh5 Qa4 23. Nxf5 Qxa2 24. Nxd6+ Bxd6 25. Rxd6 Qa1+ 26. Kc2 Qa4+ 27. Kb1 Re4 28. Qg4+ Kb8 29. Rxh7 Rhe8 30. Rh1 Re2 31. Rd8+ Rxd8 32. Qxe2 Qxf4 33. Qf3 Qxf3 34. gxf3 Rf8 35. Rh3 Ne6 36. Bg3+ Kb7 37. Bh4 c4 38. Rg3 Kc6 39. Rg6 Kd5 40. Rf6 Rxf6 41. Bxf6 a5 42. Kc2 a4 43. Kd2 Nf4 44. Be7 Nd3 45. Ba3 Ke5 46. Ke3 b5 47. Ke2 Nf4+ 48. Kf2 Nd5 49. Ke2 Nf4+ 50. Kf2 Nd5 51. Ke2 Kf5 52. Kf2 b4 53. cxb4 Nc7 54. b5 Nxb5 55. Bb4 c3 56. bxc3 a3 57. Bxa3 1-0

[Event "Calgary CICC op"]
[Site "Calgary"]
[Date "2009.05.16"]
[Round "5"]
[White "Moloney, Nicholas"]
[Black "Peter, Steven"]
[Result "1/2-1/2"]
[WhiteElo "2210"]
[BlackElo "2264"]
[PlyCount "66"]
[EventDate "2009.05.14"]
[EventType "swiss"]
[EventRounds "9"]
[EventCountry "CAN"]
[SourceTitle "CBM 130 Extra"]
[Source "ChessBase"]
[SourceDate "2009.07.02"]
[SourceVersion "2"]
[SourceVersionDate "2009.07.15"]
[SourceQuality "1"]

1. d4 Nf6 2. Bg5 d6 3. Bxf6 exf6 4. g3 g6 5. Bg2 Bg7 6. e3 0-0 7. c4 f5 8. Ne2 Nd7 9. Nbc3 Nf6 10. Qd3 c6 11. b4 Re8 12. 0-0 Qe7 13. b5 Ne4 14. a4 a5 15. Rab1 h5 16. h4 Bh6 17. Nf4 Kh7 18. Bf3 Ra7 19. Kg2 Bd7 20. bxc6 bxc6 21. Rb6 Bxf4 22. exf4 Nxc3 23. Qxc3 c5 24. dxc5 dxc5 25. Rfb1 Rc8 26. Rb7 Rxb7 27. Rxb7 Qe8 28. Qf6 Qe6 29. Qb2 Bc6 30. Bxc6 Qxc6+ 31. Kh2 Qe6 32. Qb5 Qe2 33. Kg2 Qe4+ 1/2-1/2

[Event "Calgary CICC op"]
[Site "Calgary"]
[Date "2009.05.16"]
[Round "4"]
[White "Peter, Steven"]
[Black "Gardner, Robert"]
[Result "1/2-1/2"]
[WhiteElo "2264"]
[BlackElo "2143"]
[PlyCount "99"]
[EventDate "2009.05.14"]
[EventType "swiss"]
[EventRounds "9"]
[EventCountry "CAN"]
[SourceTitle "CBM 130 Extra"]
[Source "ChessBase"]
[SourceDate "2009.07.02"]
[SourceVersion "2"]
[SourceVersionDate "2009.07.15"]
[SourceQuality "1"]

1. e4 d6 2. d4 Nf6 3. Nc3 g6 4. Be3 Bg7 5. h3 0-0 6. Nf3 a6 7. a4 Nc6 8. Be2 e5 9. d5 Ne7 10. 0-0 Ne8 11. Qd2 f5 12. exf5 gxf5 13. Bg5 Nf6 14. Nh2 Qe8 15. f4 e4 16. g4 Qf7 17. Rad1 b6 18. gxf5 h6 19. Bxf6 Qxf6 20. Nxe4 Qxf5 21. Bg4 Qxe4 22. Rfe1 Qxd5 23. Rxe7 Qc5+ 24. Kg2 Bb7+ 25. Bf3 Bxf3+ 26. Nxf3 Bf6 27. Qd3 Rf7 28. Qg6+ Rg7 29. Rxg7+ Bxg7 30. Re1 d5 31. Nh4 Rf8 32. Qe6+ Kh7 33. Qg6+ Kh8 34. Qd3 Kg8 35. Ng6 Rf6 36. Re8+ Kf7 37. Re7+ Kg8 38. Re8+ Kf7 39. Re7+ Kg8 40. Rd7 Re6 41. Ne5 Rd6 42. Re7 Rf6 43. Re8+ Rf8 44. Rxf8+ Bxf8 45. Qg6+ Bg7 46. Ng4 Qd4 47. Nxh6+ Kh8 48. Nf7+ Kg8 49. Nh6+ Kh8 50. Nf7+ 1/2-1/2

[Event "Canadian op"]
[Site "Edmonton"]
[Date "2005.07.16"]
[Round "9"]
[White "Pechisker, Alfred"]
[Black "Peter, Steven"]
[Result "1/2-1/2"]
[WhiteElo "2190"]
[BlackElo "2297"]
[PlyCount "61"]
[EventDate "2005.07.09"]
[EventType "swiss"]
[EventRounds "10"]
[EventCountry "CAN"]
[SourceTitle "CBM 107 Extra"]
[Source "ChessBase"]
[SourceDate "2005.09.01"]
[SourceVersion "1"]
[SourceVersionDate "2005.09.01"]
[SourceQuality "1"]

1. d4 d5 2. c4 Nc6 3. Nf3 Bg4 4. e3 e5 5. dxe5 dxc4 6. Qa4 Qd7 7. e6 Bxe6 8. a3 Rd8 9. Nc3 a6 10. Bxc4 Bxc4 11. Qxc4 Nf6 12. 0-0 b5 13. Qe2 Qd3 14. Rd1 Qxe2 15. Rxd8+ Kxd8 16. Nxe2 Bd6 17. Bd2 Ne4 18. Be1 Ke7 19. Rc1 Kd7 20. Nc3 Nxc3 21. Bxc3 f6 22. Kf1 a5 23. Nd4 Nxd4 24. Bxd4 Rc8 25. Bc5 Bxc5 26. Rxc5 c6 27. Ke2 Kd6 28. Rc2 c5 29. h4 a4 30. g4 Rb8 31. Kd3 1/2-1/2

[Event "Canadian op"]
[Site "Edmonton"]
[Date "2005.07.15"]
[Round "8"]
[White "Peter, Steven"]
[Black "Krush, Irina"]
[Result "0-1"]
[WhiteElo "2297"]
[BlackElo "2444"]
[PlyCount "142"]
[EventDate "2005.07.09"]
[EventType "swiss"]
[EventRounds "10"]
[EventCountry "CAN"]
[SourceTitle "CBM 107 Extra"]
[Source "ChessBase"]
[SourceDate "2005.09.01"]
[SourceVersion "1"]
[SourceVersionDate "2005.09.01"]
[SourceQuality "1"]

1. Nf3 d5 2. c4 c6 3. g3 dxc4 4. Qc2 Nd7 5. Qxc4 e5 6. Bg2 Bd6 7. 0-0 Ngf6 8. b3 0-0 9. Bb2 Qe7 10. d3 a5 11. Nbd2 Ba3 12. Bxa3 Qxa3 13. Ne4 Re8 14. Nfd2 h6 15. Rfc1 Qe7 16. a3 Nd5 17. Qc2 N7f6 18. Qc5 Nxe4 19. Nxe4 Nc7 20. Qxe7 Rxe7 21. Nd6 Ne6 22. Nxc8 Rxc8 23. Bh3 Rd8 24. Bxe6 Rxe6 25. Rc4 Rd5 26. Rac1 Kf8 27. b4 a4 28. Rc5 Red6 29. Kg2 Ke7 30. Kf3 Kd7 31. Ke3 b6 32. R5c4 Rd4 33. f4 exf4+ 34. gxf4 R4d5 35. Rg1 g6 36. Rg3 Rh5 37. h3 Rdd5 38. Kd2 Rh4 39. Kc3 Rf5 40. Rd4+ Rd5 41. Rxd5+ cxd5 42. Rf3 Ke6 43. e3 g5 44. b5 f5 45. fxg5 hxg5 46. Rg3 Kf6 47. Rf3 Ke5 48. d4+ Ke4 49. Rg3 Rh5 50. Kd2 f4 51. exf4 gxf4 52. Rd3 Rg5 53. Rc3 Rg2+ 54. Ke1 Rh2 55. Rc6 Rxh3 56. Rxb6 Rxa3 57. Ra6 Rb3 58. Rxa4 Rxb5 59. Kf2 Rb2+ 60. Kf1 Rd2 61. Ra8 Rxd4 62. Re8+ Kf3 63. Re1 Rd2 64. Ra1 d4 65. Ra3+ d3 66. Ke1 Re2+ 67. Kd1 Ke3 68. Ra8 f3 69. Re8+ Kd4 70. Rd8+ Kc4 71. Rc8+ Kb5 0-1

[Event "Canadian op"]
[Site "Edmonton"]
[Date "2005.07.11"]
[Round "4"]
[White "Peter, Steven"]
[Black "Aird, Ian"]
[Result "1/2-1/2"]
[WhiteElo "2297"]
[BlackElo "2070"]
[PlyCount "83"]
[EventDate "2005.07.09"]
[EventType "swiss"]
[EventRounds "10"]
[EventCountry "CAN"]
[SourceTitle "CBM 107 Extra"]
[Source "ChessBase"]
[SourceDate "2005.09.01"]
[SourceVersion "1"]
[SourceVersionDate "2005.09.01"]
[SourceQuality "1"]

1. Nf3 Nf6 2. c4 e6 3. g3 d5 4. Bg2 Be7 5. 0-0 0-0 6. b3 c5 7. Bb2 Nc6 8. e3 b6 9. Nc3 Bb7 10. cxd5 Nxd5 11. Nxd5 Qxd5 12. d4 Rfd8 13. Ne5 Qd6 14. Qh5 Nxe5 15. Bxb7 Rab8 16. dxc5 Qxc5 17. Rac1 Qb4 18. Bc3 Qg4 19. Qxg4 Nxg4 20. Ba6 Nf6 21. Be5 Bd6 22. Bxd6 Rxd6 23. Rc7 Rd7 24. Rfc1 Rxc7 25. Rxc7 Ra8 26. e4 g6 27. f3 Ne8 28. Rd7 Nf6 29. Rc7 Ne8 30. Rd7 Nf6 31. Rd2 Kf8 32. Kf2 Ke7 33. Ke3 e5 34. a4 Nd7 35. b4 Nf8 36. f4 f6 37. fxe5 fxe5 38. Rd5 Kf6 39. Rd6+ Ke7 40. Rd5 Kf6 41. Rd6+ Ke7 42. Rd5 1/2-1/2

[Event "Calgary/Edmonton Alberta"]
[Site "Calgary/Edmonton"]
[Date "1987.12.??"]
[Round "?"]
[White "Huber, Gregory"]
[Black "Peter, Steven"]
[Result "1-0"]
[WhiteElo "2088"]
[BlackElo "2248"]
[PlyCount "65"]
[EventDate "1987.12.??"]
[EventType "swiss"]
[EventRounds "6"]
[EventCountry "CAN"]
[SourceTitle "EXT 2022"]
[Source "ChessBase"]
[SourceDate "2021.10.06"]
[SourceVersion "1"]
[SourceVersionDate "2021.10.06"]
[SourceQuality "1"]

1. e4 c5 2. Nf3 d6 3. d4 cxd4 4. Nxd4 Nf6 5. Nc3 e6 6. Be3 Be7 7. Be2 Nc6 8. 0-0 0-0 9. Qd2 a6 10. a4 Qc7 11. Nb3 b6 12. f4 Bb7 13. Bf3 Rfd8 14. Qf2 Nd7 15. g4 Bf8 16. g5 Rab8 17. h4 Ba8 18. h5 Nb4 19. Qg2 g6 20. hxg6 hxg6 21. f5 exf5 22. exf5 Bxf3 23. Rxf3 Ne5 24. Rf4 d5 25. f6 Rbc8 26. Rh4 Nxc2 27. Qh3 Nf3+ 28. Qxf3 Qe5 29. Bf4 Bc5+ 30. Nxc5 Qd4+ 31. Kh2 Nxa1 32. Qh3 Qf2+ 33. Kh1 1-0